| 000 | 00393nam a2200145Ia 4500 | ||
|---|---|---|---|
| 008 | 230917s9999||||xx |||||||||||||| ||und|| | ||
| 040 |
_e242719 _aMAIN |
||
| 041 | _aEnglish | ||
| 082 | _a373 S73A | ||
| 100 | _aSarita Kumari | ||
| 245 | 0 | _aAttitude of teachers and students of secondary level schools towards semester system examination | |
| 260 | _c2013 | ||
| 300 | _a62 p. | ||
| 942 | _cTH | ||
| 999 |
_c127313 _d127313 |
||